| 000 | 01787cam a2200433 i 4500 | ||
|---|---|---|---|
| 001 | 200462454 | ||
| 003 | TR-AnTOB | ||
| 005 | 20241118101505.0 | ||
| 007 | ta | ||
| 008 | 230802s2022 tu b 000 0 tur d | ||
| 020 | _a9789751751638 | ||
| 040 |
_aSTF _beng _erda _cSTF _dSTF _dOCLCF _dDLC _dTR-AnTOB |
||
| 041 | 1 |
_atur _hrus |
|
| 050 | 0 | 4 |
_aGR203.95.G74 _bG37519 2022 |
| 090 |
_aGR203.95.G74 _bG37519 2022 |
||
| 100 | 1 |
_aGarkavets, A. N. _q(Aleksandr Nikolaevich) _9147012 _eauthor |
|
| 240 | 1 | 0 |
_aUrumy Nadazovʼja : istorija, mova, kazky, pisni, zahadky, pryslivʼja, pysemni pamʼjatky. _lTürkçe. |
| 245 | 1 | 0 |
_aKuzey Azak Urumları : _btarihi, dili, masalları, halk şarkıları, bilmeceleri, atasözleri, yazılı eserleri / _cAleksandr N. Garkavets ; çeviren, İryna Skrazlovska. |
| 250 | _aBirinci baskı. | ||
| 264 | 1 |
_aAnkara : _bTürk Dil Kurumu Yayınları, _c2022. |
|
| 300 |
_a1170 pages : _bmaps ; _c24 cm + _e1 computer disc (color ; 4 3/4 inches) |
||
| 336 |
_atext _btxt _2rdacontent |
||
| 337 |
_aunmediated _bn _2rdamedia |
||
| 337 |
_acomputer _bc _2rdamedia |
||
| 338 |
_avolume _bnc _2rdacarrier |
||
| 338 |
_acomputer disc _bcd _2rdacarrier |
||
| 338 |
_acomputer disc _bnc _2rdacarrier |
||
| 490 | 0 |
_aTürk Dil Kurumu yayınları ; _v1471 |
|
| 500 | _aAccompanying CD-ROM contains a facsimile of Kuzey Azak Urumları in PDF format | ||
| 500 | _aTranslated from Russian | ||
| 504 | _aBIB | ||
| 650 | 0 |
_aYunanlılar _zUkrayna _zKaradeniz Ovası _vFolklor _9147015 |
|
| 650 | 0 |
_aYunan dili, Modern _xLehçeler _zUkrayna _zKaradeniz Ovası _9147016 |
|
| 700 | 1 |
_aSkrazlovska, Iryna _etranslator _9147017 |
|
| 710 | 2 |
_aTürk Dil Kurumu _epublisher _926987 |
|
| 830 | 0 |
_aTürk Dil Kurumu yayınları ; _v1471 _9836 |
|
| 942 |
_2lcc _cMX |
||
| 999 |
_c200462454 _d80666 |
||